Ladybower Dam: upgrading in a national park (Record no. 74353)
[ view plain ]
| 000 -LEADER | |
|---|---|
| fixed length control field | 01334cab a2200241 4500 |
| 001 - CONTROL NUMBER | |
| control field | ABS67580 |
| 008 - FIXED-LENGTH DATA ELEMENTS--GENERAL INFORMATION | |
| fixed length control field | 040402n2004 000 0 eng u |
| 035 ## - SYSTEM CONTROL NUMBER | |
| System control number | (Sirsi) u125734 |
| 100 ## - MAIN ENTRY--PERSONAL NAME | |
| Personal name | Macdonald, A. |
| 245 ## - TITLE STATEMENT | |
| Title | Ladybower Dam: upgrading in a national park |
| 260 ## - PUBLICATION, DISTRIBUTION, ETC. | |
| Date of publication, distribution, etc. | 2004 |
| 490 ## - SERIES STATEMENT | |
| Series statement | Proceedings of the Institution of Civil Engineers |
| Volume/sequential designation | 157(WM1) March 2004, 13-20(8) |
| 520 ## - SUMMARY, ETC. | |
| Summary, etc. | Describes the work undertaken at Ladybower Reservoir to upgrade the dam to meet anticipated flood and freeboard standards until 2050. Describes the assessment undertaken on the original dam, the design on the new works and the measures that were taken to address the concerns regarding the impact of the construction process on the environment. The works included the raising of the dam crest by three metres, the extension of the core and the strengthening of the downstream shoulder with rockfill. A site environmental management plan was prepared to address planning concerns as the dam was in the Peak District National Park. [Taken from journal abstract]. |
| 590 ## - LOCAL NOTE (RLIN) | |
| Local note | ABS |
| 650 ## - SUBJECT ADDED ENTRY--TOPICAL TERM | |
| Topical term or geographic name entry element | DAMS |
| 650 ## - SUBJECT ADDED ENTRY--TOPICAL TERM | |
| Topical term or geographic name entry element | FLOOD MANAGEMENT |
| 650 ## - SUBJECT ADDED ENTRY--TOPICAL TERM | |
| Topical term or geographic name entry element | ENVIRONMENTAL IMPACT |
| 650 ## - SUBJECT ADDED ENTRY--TOPICAL TERM | |
| Topical term or geographic name entry element | CONSTRUCTION PROJECTS |
| 690 ## - LOCAL SUBJECT ADDED ENTRY--TOPICAL TERM (OCLC, RLIN) | |
| Topical term or geographic name as entry element | BUILT ENVIRONMENT-ENGINEERING-CIVIL ENGINEERING |
| 700 ## - ADDED ENTRY--PERSONAL NAME | |
| Personal name | Harwood, S. |
| 700 ## - ADDED ENTRY--PERSONAL NAME | |
| Personal name | Vaughan, P. |
| 942 ## - ADDED ENTRY ELEMENTS (KOHA) | |
| Suppress in OPAC | 0 |
| Withdrawn status | Lost status | Source of classification or shelving scheme | Damaged status | Not for loan | Home library | Current library | Shelving location | Date acquired | Total Checkouts | Full call number | Barcode | Date last seen | Copy number | Price effective from | Koha item type |
|---|---|---|---|---|---|---|---|---|---|---|---|---|---|---|---|
| Dewey Decimal Classification | London | London | Journal article | 02/04/2004 | ABS67580 | 125734-1001 | 06/08/2019 | 1 | 06/08/2019 | Journal article |